000 00977nas a2200241 454500
001 54568
005 20260407193512.0
008 260407s2002####ag###########|||spa#d
003 AR-UNSa-BCEJYS
040 _aAR-UNSa-BCEJYS
_bspa
_cAR-UNSa-BCEJYS
080 _a339.9
_xEconomía internacional en general. Relaciones económicas internacionales. Economía mundial
245 1 0 _aEstudios del CEI
022 _a1668-4397
264 1 _aBuenos Aires :
_bCEI (Centro de Economía Internacional)
_c2002
310 _aFrecuencia: Irregular
041 _aspa
942 _cSER
590 _aniveau_biblio:s niveau_hierar:1
100 1 _aArgentina. Ministerio de Relaciones Exteriores, Comercio Internacional y Culto. Secretaría de Comercio y Relaciones Económicas Internacionales. Centro de Economía Internacional
650 _aMERCOSUR
650 _aECONOMIA INTERNACIONAL
856 4 1 _uhttps://biblioeco.unsa.edu.ar/pmb/images/libros/R23317.jpg
_yImagen de portada
_qimage/jpeg
999 _c8973
_d8973